000 00750nam a2200193Ii 4500
003 JO-AjNU
008 230605s9999||||xx |||||||||||||| ||und||
040 _aJO-AjNU
_bara
_erda
_cJO-AjNU
041 _aara
050 1 4 _aQD271.U52 1980
100 3 _aسركيس ، جورج يوناثان/ م مشارك جاسم محمد الروي,
_eauthor
_927173
245 0 0 _aتشخيص المركبات العضوية : (الطرق الكيماوية)
264 3 1 _aبغداد:وزارة التعليم البحث العلمي ، 1980
300 _a253ص
336 _atext
_btxt
_2rdacontent
337 _aunmediated
_bn
_2rdamedia
338 _avolume
_bnc
_2rdacarrier
650 4 _aالكيمياء العضوية -المركبات العضويه
_927174
999 _aA10389
_c13957
_d13957